书目信息 |
| 题名: |
空间结构的发展与展望
|
|
| 作者: | 斋藤公男 著 ;季小莲 , 徐华 译 | |
| 分册: | ||
| 出版信息: | 北京 中国建筑工业出版社 2006.01 |
|
| 页数: | 266页 | |
| 开本: | 26cm | |
| 丛书名: | ||
| 单 册: | ||
| 中图分类: | TU330.4 | |
| 科图分类: | ||
| 主题词: | 空间结构--kong jian jie gou--结构设计 | |
| 电子资源: | ||
| ISBN: | 7-112-07724-9 | |
| 000 | 01248nam0 2200289 450 | |
| 001 | 012007065588 | |
| 005 | 20071008105710.96 | |
| 010 | @a7-112-07724-9@dCNY98.00 | |
| 100 | @a20070726d2006 km y0chiy0120 ea | |
| 101 | 1 | @achi@cjpn |
| 102 | @aCN@b110000 | |
| 105 | @aa a 000yy | |
| 200 | 1 | @a空间结构的发展与展望@Akong jian jie gou de fa zhan yu zhan wang@e空间结构设计的过去·现在·未来@f(日) 斋藤公男著@F(ri)zhai teng gong nan zhu@g季小莲, 徐华译@Gji xiao lian,xu hua yi |
| 210 | @a北京@c中国建筑工业出版社@d2006.01 | |
| 215 | @a266页@c图@d26cm | |
| 312 | @a英文并列副题名取自附加书名页。 | |
| 320 | @a有书目 (第266页)。 | |
| 330 | @a本书阐述了空间结构的多样性及技术上的独创性、结构设计的可能性,并介绍了建筑师、工程师携手共同创作的作品,其中还穿插了笔者到目前为止的“思路”、“经验”及“教授方法”等。 | |
| 500 | 10 | @aStory of space and structure structural design's future@mChinese |
| 517 | 1 | @a空间结构设计的过去·现在·未来@Akong jian jie gou she ji de guo qu·xian zai·wei lai |
| 606 | 0 | @a空间结构@Akong jian jie gou@x结构设计 |
| 690 | @aTU330.4@v4 | |
| 701 | 0 | @a斋藤公男@Azhai teng gong nan@4著 |
| 702 | 0 | @a季小莲@Aji xiao lian@4译 |
| 702 | 0 | @a徐华@Axu hua@4译 |
| 801 | 0 | @aCN@c20071008 |
| 905 | @dTU330.4@eZ043 | |
| 空间结构的发展与展望:空间结构设计的过去·现在·未来/(日) 斋藤公男著/季小莲, 徐华译.-北京:中国建筑工业出版社,2006.01 |
| 266页:图;26cm |
| ISBN 7-112-07724-9:CNY98.00 |
| 本书阐述了空间结构的多样性及技术上的独创性、结构设计的可能性,并介绍了建筑师、工程师携手共同创作的作品,其中还穿插了笔者到目前为止的“思路”、“经验”及“教授方法”等。 |
| ● |
| 相关链接 |
|
|
|
正题名:空间结构的发展与展望
索取号:TU330.4/Z043
 
预约/预借
| 序号 | 登录号 | 条形码 | 馆藏地/架位号 | 状态 | 备注 |
| 1 | 249599 | 202495996 | 建筑库101/101建筑库 81排4列4层/ [索取号:TU330.4/Z043] | 在馆 |